LEADER 01296nam a2200265 i 4500 001 000000176216 003 CaOOAMICUS 005 20081128000000.0 008 081128s1976 it u000 u ita u 013 $a153702 040 $aSeMil$bita 100 1 $aVianello, Renzo.$0(OLS)http://semarc/name/65620 245 13$aLa religiosità infantile :$b9 ricerche di psicologia religiosa condotte su 2200 bambini dai 3 agli 11 anni /$cRenzo Vianello ; [presentazione di Guido Petter]. 260 $aFirenze :$bGiunti-Barbèra,$c1976. 300 $a285 p., [1] c. di tav. ripieg. ;$c21 cm. 490 0 $aCollezione psicologica 500 $aDono di Don Romano Martinelli. 650 4$aFanciulli - Religiosità - Aspetti psicologici.$0(OLS)http://semarc/subject/33577 700 1 $aPetter, Guido <1927-2011>.$0(OLS)http://semarc/name/7906 830 0$aCollezione psicologica.$0(OLS)http://semarc/title/7480 850 $aSeMil 852 $aSeMil$W1$xVenegono$y1$m2Q II 105$j127038$B127038$CSeMilBibl$Z2$F138754 $81 961 $aOmaggio: Martinelli don Romano 996 $6245$aLa religiosità infantile :$b9 ricerche di psicologia religiosa condotte su 2200 bambini dai 3 agli 11 anni$9(OLS)http://semarc/title/252852 996 $6260$aFirenze :$bGiunti-Barbèra$9(OLS)http://semarc/publisher/31462 LEADER 01194nam a2200277 i 4500 001 000000355571 003 CaOOAMICUS 005 20231109120353.0 008 231003s2023 it u000 u ita u 020 $a978-88-311-8277-5 040 $aSeMil$bita 100 0 $aSextus : Pythagoraeus,$d.$0(OLS)http://semarc/name/118383 245 10$aSentenze /$cSesto ; introduzione, traduzione e note a cura di Vincenzo Lombino. 264 1$aRoma :$bCittà Nuova,$c2023. 300 $a179 p. ;$c21 cm 490 1 $aCollana di testi patristici ;$v276 504 $aBibliografia essenziale, p. [37]-38 650 4$aMorale cristiana - Sec. 1.-3.$0(OLS)http://semarc/subject/18446 700 1 $aLombino, Vincenzo,$d<1951- >.$0(OLS)http://semarc/name/78349 830 0$aCollana di testi patristici ;$v276.$0(OLS)http://semarc/title/2 850 $aSeMil 852 $aSeMil$W1$xVenegono$y1$m2UA E 276$j243617$B246826$CSeMilBibl$Z2$F246826 $81 996 $6020$a978-88-311-8277-5$9(OLS)http://semarc/number/299026 996 $6245$aSentenze$9(OLS)http://semarc/title/445790 996 $6264$aRoma :$bCittà Nuova$9(OLS)http://semarc/publisher/29609